2019 Africa Cup of Nations Final Senegal - Algeria - Statistics

General Stats
  • This quiz has been taken 95 times
  • The average score is 14 of 30
Answer Stats
Player % Correct
Riyad Mahrez
95%
Sadio Mané
86%
Ismaël Bennacer
75%
Aïssa Mandi
72%
Ramy Bensebaini
70%
Baghdad Bounedjah ¹
66%
Ismaïla Sarr
66%
Islam Slimani
62%
Sofiane Feghouli
62%
Youcef Belaïli
61%
Raïs M'Bolhi
59%
Aliou Cissé
56%
Idrissa Gueye
52%
Djamel Benlamri
51%
Mehdi Zeffane
51%
Adlène Guedioura
49%
Djamel Belmadi
46%
Yacine Brahimi
38%
Youssouf Sabaly
35%
M'Baye Niang
33%
Salif Sané
33%
Alfred Gomis
29%
Cheikhou Kouyaté
28%
Mehdi Tahrat
28%
Krépin Diatta
27%
Badou Ndiaye
24%
Keita Baldé
23%
Henri Saivet
14%
Lamine Gassama
13%
Mbaye Diagne
10%
No matching quizzes found
Score Distribution
Percent of People with Each Score
Percentile by Number Answered
Your Score History
You have not taken this quiz